| 000 | 00596nam a22001937a 4500 | ||
|---|---|---|---|
| 005 | 20220630160523.0 | ||
| 008 | 220630b ||||| |||| 00| 0 eng d | ||
| 020 | _a0862101778 | ||
| 040 | _cAL | ||
| 082 |
_223 _a365.45 _bAMNA |
||
| 100 |
_aAmnesty International _946378 |
||
| 245 | _aAmnesty International Report 1990 | ||
| 260 |
_aLondon _bAmnesty International Publications _c1990 |
||
| 300 |
_a298 p. _bPB _c23.5x15.5 cm. |
||
| 650 |
_a The State of the Worlds Human Rights _946371 |
||
| 650 |
_a Amnesty International _946372 |
||
| 700 |
_aAMNESTY INTERNATIONAL _946373 |
||
| 942 |
_2ddc _cGF |
||
| 999 |
_c223542 _d223542 |
||